Beatles - Chansons les plus écoutées - Statistiques

Statistiques générales
  • Ce quiz a été pris 493 fois
  • Le résultat moyen est 8 sur 20
Statistiques - réponses
Chanson Vues % Correct
2 Hey Jude 387 019 314
83%
15 Yesterday 84 251 047
78%
11 Yellow Submarine 104 052 063
71%
6 Help! 143 573 849
66%
5 Here Comes The Sun 148 327 375
65%
8 Come Together 130 778 632
58%
10 Something 119 188 222
49%
13 Strawberry Fields Forever 89 857 459
44%
7 Penny Lane 131 061 072
41%
16 Eleanor Rigby 77 033 481
39%
19 Twist and Shout 64 399 211
39%
4 A Day In The Life 1 379 852 607
30%
12 I Want To Hold Your Hand 102 564 064
30%
18 While My Guitar Gently Wheeps 72 624 211
30%
1 Don't Let Me Down 492 825 890
29%
3 Hello, Goodbye 152 002 041
27%
14 Revolution 86 562 557
20%
17 Ticket To Ride 75 248 523
19%
20 I Feel Fine 60 331 444
9%
9 We Can Work It Out 125 924 088
7%
Aucun quiz correspondant
Distribution des résultats
% des personnes avec chaque résultat
Percentile par nombre de réponses
Votre historique - résultats
Vous n’avez pas pris ce quiz